00833cam a22002531 4500001001300000003000400013005001700017008004100034010001700075035001900092040004200111042001200153043001200165050002400177100001700201245006400218260002200282300007400304490005900378504002500437650003800462810006200500999001700562gs 64000100 DLC20260227111413.0820824s1962 rh ab b 000 0 eng c ags 64000100  a(OCoLC)8713348 aU.S. Geol. Survey. Libr.cFUdFUdDLC apremarc af-rh---00aQE327.R6bA4 no. 541 aWorst, B. G.14aThe geology of the Mwanesi Range and the adjoining country. aSalisbury,c1962. a63 p.billus., fold. maps (1 col. in pocket) diagrs., tables.c25 cm.1 aSouthern Rhodesia. Geological Survey. Bulletinvno. 54 aBibliography: p. 63. 0aGeologyzZimbabwezMwanesi Range.2 aSouthern Rhodesia Geological Survey.tBulletin ;vno. 54. c29798d29798